Cover the Alphabet - Asian Countries Quiz Stats

 Plays Quiz Updated Oct 10, 2019

Score 0/52 Timer 01:30
4 Plays Today
% Correct
X - Go
100%
X - Go
99.8%
A - Afghanistan...
98.5%
A - Afghanistan...
98.5%
N - Nepal...
98.5%
N - Nepal...
98.5%
I - India...
98.5%
I - India...
98.5%
T - Taiwan...
97.7%
T - Taiwan...
97.7%
S - Saudi Arabia...
97.6%
S - Saudi Arabia...
97.6%
H - China...
97.4%
H - China...
97.4%
E - Yemen...
97.3%
E - Yemen...
97.3%
R - Iran...
97%
R - Iran...
96.9%
M - Mongolia...
96%
M - Mongolia...
96%
O - Oman...
95.8%
O - Oman...
95.8%
L - Laos...
95.5%
L - Laos...
95.5%
P - Pakistan...
94.4%
P - Pakistan...
94.4%
% Correct
C - China...
94.4%
C - China...
94.4%
K - Kuwait...
94%
K - Kuwait...
94%
D - India...
93.1%
D - India...
93.1%
U - Uzbekistan...
93%
J - Japan...
93%
U - Uzbekistan...
93%
J - Japan...
93%
B - Bahrain...
91.3%
B - Bahrain...
91.3%
Y - Yemen...
88.6%
Y - Yemen...
88.6%
G - Georgia...
87.7%
G - Georgia...
87.7%
Q - Qatar...
85.8%
Q - Qatar...
85.8%
V - Vietnam...
78.4%
V - Vietnam...
78.4%
Z - Kazakhstan...
78.3%
Z - Kazakhstan...
78.3%
W - Taiwan...
50.5%
W - Taiwan...
50.5%
F - Afghanistan
48.8%
F - Afghanistan
48.8%

You're not logged in!

Compare scores with friends on all Sporcle quizzes.
OR
Log In

Sporcle TV

Today on Sporcle TV


Watch our educational content, quiz creation guides, and fun videos on Sporcle TV.

Show Comments

Extras

Top Quizzes Today


Score Distribution

Your Account Isn't Verified!

In order to create a playlist on Sporcle, you need to verify the email address you used during registration. Go to your Sporcle Settings to finish the process.

Report this User

Report this user for behavior that violates our Community Guidelines.

Details: